Biblioteca

El nuevo himnario popular (Registro nro. 66522)

Detalles MARC
000 -LÍDER
Campo fijo de descripción fija 01533nam a2200361 i 4500
001 - NÚMERO DE CONTROL
Campo de control 768714001
003 - IDENTIFICADOR DEL NÚMERO DE CONTROL
Campo de control CO-MdFUSB
005 - FECHA Y HORA DE LA ULTIMA TRANSACCIÓN
control field 20210908151444.0
007 - CAMPO FIJO DE DESCRIPCIÓN FIJA--INFORMACIÓN GENERAL
Campo fijo de descripción fija ta
008 - ELEMENTOS DE LONGITUD FIJA -- INFORMACIÓN GENERAL
Campo fijo de descripción fija -- Información general 200716t1955 |||| |||| 00| 0 spa d
020 ## - NÚMERO INTERNACIONAL NORMALIZADO PARA LIBROS
Número Internacional Normalizado del libro [No incluye ISBN]
040 ## - FUENTE DE CATALOGACIÓN
Agencia de catalogación original CO-MdFUSB
Idioma de catalogación spa
Agencia que realiza la transcripción CO-MdFUSB
Agencia que realiza la modificación CO-MdFUSBC
Convenciones de la descripción rda
041 ## - CÓDIGO DE IDIOMA
Código de idioma para texto/pista de sonido o título separado spa
082 ## - NÚMERO DE CLASIFICACIÓN DECIMAL DEWEY
Número de la edición del Dewey 23
Número de clasificación 264.23
Clave de autor-Numero de item N964
110 ## - ASIENTO PRINCIPAL--NOMBRE CORPORATIVO
Nombre corporativo o de jurisdicción como elemento de entrada Casa Bautista de Publicaciones
245 #3 - TÍTULO
Título del Material El nuevo himnario popular
Mención de responsabilidad, etc. / Casa Bautista de Publicaciones
250 ## - MENCIÓN DE EDICIÓN
Mención de edición Duodécima edición
264 ## - PRODUCCIÓN, PUBLICACIÓN, DISTRIBUCIÓN, MANUFACTURA, Y COPYRIGHT
Lugar de producción, publicación, distribución, manufactura [Lugar de publicación no identificado]
Nombre del productor, publicador, distribuidor Casa Bautista de Publicaciones,
Fecha de producción, publicación, distribución, manufactura, o copyright [1955]
264 ## - PRODUCCIÓN, PUBLICACIÓN, DISTRIBUCIÓN, MANUFACTURA, Y COPYRIGHT
Fecha de producción, publicación, distribución, manufactura, o copyright ©1955
300 ## - DESCRIPCIÓN FÍSICA
Dimensiones 388 páginas ;
Extensión 22 cm
336 ## - TIPO DE CONTENIDO
Fuente rdacontent
Término de tipo de contenido texto
Código de tipo de contenido txt
337 ## - TIPO DE MEDIO
Fuente rdamedia
Nombre del tipo de medio sin mediación
Código del tipo de medio n
338 ## - TIPO DE SOPORTE
Fuente rdacarrier
Nombre del tipo de soporte volumen
Código Tipo de soporte nr
520 ## - NOTA DE RESUMEN, ETC.
Nota de sumario, etc. En el ministerio de la música de una congregación neotestamentaria se incluye el canto congregacional, la interpretación instrumental y tantas otras expresiones de talentos. El hogar cristiano también incluye canto en su culto cotidiano. Los himnos inculcan tantas hermosas enseñanzas que podemos valernos de ellos para fortalecer nuestra fe, siempre que éstos vayan de acuerdo con las sagradas Escrituras. También deben usarse para ganar almas para el Señor-
563 ## - NOTA DE ENCUADERNACIÓN
Nota de encuadernación Tapa dura
650 #0 - ASIENTO SECUNDARIO DE MATERIA - TERMINO TEMÁTICO
9 (RLIN) 1066
Término temático o nombre geográfico como elemento de entrada Adoración
650 #7 - ASIENTO SECUNDARIO DE MATERIA - TERMINO TEMÁTICO
9 (RLIN) 206
Término temático o nombre geográfico como elemento de entrada Liturgia
653 ## - TÉRMINO DE INDIZACIÓN - NO CONTROLADO
Término no controlado Cristianismo -- Música.
653 ## - TÉRMINO DE INDIZACIÓN - NO CONTROLADO
Término no controlado Cristianismo -- Himnos.
720 ## - ASIENTO SECUNDARIO - NOMBRE NO CONTROLADO
Nombre Casa Bautista de Publicaciones
Término de relación autor
942 ## - TIPO DE MATERIAL (KOHA)
Tipo de Item KOHA Libros General
945 ## - INFORMACIÓN LOCAL DEL REGISTRO
Catalogador Dani
Existencias
Estado de Material Estado de Perdido Forma de Clasificación Estado de Dañado No para Préstamo Colección Biblioteca de Origen Biblioteca Permanente Fecha de Adquisición Área Total de Préstamos Signatura Topográfica Código de Barras Última vez visto Ejemplar/Existencia Fecha de Remplazo Tipo de Material
    Dewey Decimal Classification     Colección General Biblioteca FUSBC Biblioteca FUSBC 16/07/2020 VIDA CRISTIANA   G 264.23 N964n 5857 16/08/2023 Ej.1 16/07/2020 Libros General

Biblioteca FUSBC | Teléfono: (57+4) 349 88 10 Ext. 141| WhatsApp (+57) 3005338115 
E-mail: biblioteca@unisbc.edu.co | Calle 76 87-14 Robledo Palenque, Medellín, Colombia

Con tecnología Koha